[Event "Cannes "]
[Site "?"]
[Date "1989.??.??"]
[Round "?"]
[White "Anand, V."]
[Black "Spasszkij, B."]
[Result "1-0"]
[WhiteElo "2515"]
[BlackElo "2580"]
[PlyCount "101"]
[EventDate "1989.??.??"]

1. e4 e5 2. Nf3 Nc6 3. Bb5 a6 4. Ba4 Nf6 5. O-O Be7 6. Re1 b5 7. Bb3 d6 8. c3
O-O 9. h3 Nb8 10. d4 Nbd7 11. c4 c6 12. a3 bxc4 13. Bxc4 d5 $6 (13... Nxe4 $1
14. Rxe4 (14. dxe5 $2 d5 15. Bxd5 cxd5 16. Qxd5 Rb8 17. Qxe4 Nc5 $44) 14... d5
15. Nxe5 $1 (15. Re1 dxc4 16. Qe2 Re8 $11) 15... dxe4 (15... Nxe5 16. Bxd5 cxd5
17. Rxe5 Bd6 18. Re1 {és ha összevetjük a Marshall támadással az állást, akkor
lényeges különbség, hogy a világos tisztek fejlesztése nem ütközik nehézségbe,
pl. Nc3 is jöhet.}) 16. Nxc6 Qe8 17. Bd5 Bd6 18. Ne7+ Qxe7 19. Bxa8 Nb6 20. Bc6
Bc7 $13) 14. exd5 $1 cxd5 15. Ba2 e4 16. Ne5 Bb7 {Anand úgy érezte, hogy
elégedett lehet állásával, a d5 gyalogra elõbb-utóbb nyomás nehezedhet.} 17.
Nc3 Nb6 18. f3 Rc8 19. Bb3 $6 {A játszma utáni elemzésben Szapasszkij mutatta
meg, hogy} (19. Bg5 {világosnak elõnyt adott volna, hiszen} Bxa3 $140 $2 20.
bxa3 Rxc3 21. Bd2 $1 $16 Rc8 22. Ba5 $1 {kellemetlen kötést hozott volna létre.
}) 19... Ba8 20. Bg5 Rc7 {Szpasszkij hibázott.} (20... exf3 21. Qxf3 Nc4 $11)
21. Rc1 Nfd7 22. Bf4 $1 Bg5 23. Bxg5 Qxg5 24. fxe4 dxe4 (24... Nxe5 25. dxe5
dxe4 26. e6 Qc5+ 27. Kh1 fxe6 28. Bxe6+ Kh8 $13) 25. Qg4 Qxg4 {A vezércsere
kényszer.} (25... Qd2 26. Nxf7 $1 Nf6 (26... Qxd4+ 27. Kh1 Nc5 28. Rcd1 Qf6 29.
Rf1 $1) (26... Qxb2 27. Qe6 $1) 27. Ng5+ Kh8 (27... Bd5 28. Qd1 $1 {sima
gyalogelõnnyel.}) 28. Qg3 $16) 26. Nxg4 g6 $2 {Sötét megindult a lejtõn lefelé.
} (26... Kh8 27. Ne3 f5 $14 {A királyszárnyi akció ellenjátékot adott volna.})
27. Nf2 $1 $16 {Gyalogot nyer, a lecsökkent anyag azonban nem jelent
biztosítékot a parti megnyerésére.} Re8 28. d5 Kg7 29. Nfxe4 Nxd5 $8 30. Nd6
Rxe1+ 31. Rxe1 N5f6 32. Re7 Rc6 33. Rxf7+ Kh6 34. Nc4 Re6 $1 $16 35. Kf2 Kg5
36. Bc2 Bc6 37. Nd2 h5 38. Nb3 $6 (38. Rg7 $1 Ne5 (38... Ne8 39. Nde4+ $1 Kh6
40. Rh7+ $1 Kxh7 41. Ng5+ $18) 39. Ra7 Neg4+ 40. hxg4 Nxg4+ 41. Kg1 (41. Kg3 $2
h4+ 42. Kh3 Re3+ 43. Nf3+ Bxf3 44. gxf3 Rxf3+ $19) 41... Re1+ 42. Nf1) 38...
Ne5 $1 39. Ra7 Neg4+ $1 40. hxg4 Nxg4+ 41. Kf1 $8 Ne3+ 42. Kg1 Nxc2 43. Rxa6
Bd7 44. Rxe6 $2 {Világos a par tit végül szép kombinációval megnyerte, de
ehhez sötét is segítséget nyújtott. A bástyákat meg kellett volna õrizni!} (44.
Ra5+ $1 {és Rd5-d2 volt a jó folytatás.}) 44... Bxe6 45. Nc5 Bc4 $1 $14 46. a4
Kf4 $2 (46... Kf5 47. Kf2 $14 (47. a5 Nb4 48. b3 Bf7 49. Nd3 Nxd3 $8 (49... Na6
50. b4 Bc4 51. Nb2 $16) 50. a6 Be8 51. Nd5 Ke6 52. Nc7+ Kd6 53. Nxe8+ Kc6 $11))
47. a5 Nb4 48. b3 Bf7 49. Nd3+ $3 (49. a6 $4 Nxa6 $11) 49... Nxd3 50. a6 Be8
51. Nd5+ {és sötét nem tudja feltartóztatni a szabadgyalogot.} (51. Nd5+ Ke5
52. Ne7 $18) 1-0

[Event "Brüsszel (vb-jelölt m/6)"]
[Site "?"]
[Date "1991.??.??"]
[Round "?"]
[White "Karpov, An"]
[Black "Anand, V."]
[Result "0-1"]
[WhiteElo "2730"]
[BlackElo "2650"]
[PlyCount "140"]
[EventDate "1991.??.??"]

1. d4 d5 2. c4 c6 3. Nf3 Nf6 4. Nc3 e6 5. e3 Nbd7 6. Qc2 Bd6 7. Be2 O-O 8. O-O
dxc4 9. Bxc4 Qe7 10. h3 c5 {N} 11. dxc5 Bxc5 12. e4 Bd6 13. Nd4 $6 Ne5 14. Bb3
Bd7 15. Be3 Ng6 $1 (15... Rfd8 $2 {súlyos idõveszteség lenne.} 16. f4 Nc6 17.
e5 Nxd4 18. Bxd4 Bc5 19. Rad1 (19. Bxc5 Qxc5+ 20. Qf2 Qxf2+ 21. Rxf2 Ne8 22.
Rd1 Bc6 23. Rfd2 Rxd2 24. Rxd2 Kf8) 19... Bxd4+ (19... Bc6 $2 20. exf6 Rxd4 (
20... Bxd4+ 21. Rxd4 Qc5 22. Ne2 $1 $18) 21. fxe7 Rxd1+ 22. Kh2 Rxf1 23. Qd3
Bg1+ 24. Kh1 $18) 20. Rxd4 Ne8 21. Rfd1 $16) 16. Rad1 Rfd8 17. Nf3 Bc6 18. Rfe1
Rdc8 $1 19. Qb1 Bb4 20. Bd2 (20. Bd4 e5 $17) 20... Rd8 $1 21. a3 Bc5 22. Na4
Bd6 $1 (22... Bxa4 23. Bxa4 $14) 23. Nc3 $2 (23. e5 $1 Bxf3 24. exd6 (24. exf6
Qxf6 25. gxf3 Bf4 $1 26. Bxf4 (26. Bb4 Qg5+ 27. Kf1 Nh4 $19 (27... a5 $19)) (
26. Bc3 Qg5+ 27. Kh1 (27. Kf1 Qb5+) 27... Qh5 28. Kg2 Nh4+ $19) 26... Nxf4 $40)
24... Qxd6 25. gxf3 Nh4 26. Re3 (26. Bc3 $6 Nxf3+ 27. Kg2 Nh4+ 28. Kg1 Qc6 $19)
(26. Be3 Nxf3+ $19) 26... Qc6 27. Bc3 Nxf3+ 28. Kf1 b5 29. Nc5 Nh2+ 30. Ke2
Qxc5 31. Rxd8+ Rxd8 32. Bxf6 gxf6 33. Qg1+ Kh8 34. Qxh2 Qc1 $13 {A bonyolult
változatokat azonban nehéz volt tábla mellett pontosan kiszámolni.}) 23... Qc7
24. Ba2 a6 25. Be3 b5 26. Bb3 Bb7 $15 27. Rc1 Qe7 {Anand elemzésébe n nem kis
büszkeséggel jegyezte meg, hogy a manõverezés közepette játszotta túl Karpovot.
} 28. Bb6 Rdc8 29. Bd4 Nd7 30. Rcd1 {Világos utolsó lépéseivel csak várakozott,
míg sötét fokozatosan javította tisztjeinek helyzetét.} Nge5 31. Nxe5 Nxe5 32.
Ne2 $2 Qh4 $1 $17 33. f4 (33. Nc3 Nf3+ 34. gxf3 Qxh3 35. Rd3 Bh2+ 36. Kh1 Bf4+
37. Kg1 Rc6 $40) (33. Ng3 Nf3+ 34. gxf3 Bxg3 35. Kg2 Bf4 {és a világos
királyszárnyi gyalogszerkezt gyengesége miatt sötét joggal bizakodhat a végsõ
sikerben.}) 33... Nc4 34. Bf2 Bc5 35. Bxc5 Rxc5 36. Rc1 $2 (36. Rd4 {volt a
jobb védekezés, bár} Rac8 $17 {után nem kétséges sötét elõnye.} (36... Nxb2 $2
37. Rf1 Nc4 38. Bxc4 $18)) 36... Nd2 $19 37. Qd3 Nxe4 $6 {A
világbajnok-jelölti meccsen Anand többször is hibázott a megszerzett elõny
érvényesítésében.} (37... Rd8 $1 38. Qe3 Nxb3 39. Qxb3 Bxe4 $19) 38. Qe3 Rac8
39. Rcd1 h6 (39... g6) 40. Rf1 Nf6 41. Nc3 Qh5 {Anandnak gyalogelõnye van,
nyerése csak idõ kérdése.} 42. Rd6 R5c6 43. Rxc6 Bxc6 44. Rf2 Nd7 45. Rd2 Qc5
46. Qxc5 Nxc5 47. Bc2 Kf8 48. Kf2 Ke7 49. Ke3 Nd7 50. g3 Nf6 51. Bd1 Ne8 (51...
g5 $19) 52. Bc2 Nd6 53. Bd3 Bb7 $6 (53... g5 $19) 54. h4 $1 $17 Nc4+ $6 {
Megnehezíti a nyerést.} 55. Bxc4 Rxc4 56. Rd4 Rc5 57. a4 e5 58. Rb4 (58. fxe5
Rxe5+ 59. Kf2 {és sötét csak fáradtságos munkával hozhat létre szabadgyalogot.}
) 58... Bc6 59. axb5 axb5 60. Ne2 $2 (60. fxe5 Rxe5+ 61. Kf2) 60... f6 $1 {
Sötét biztosította a d4 és f4 sötét mezõk feletti uralmat.} 61. Rb3 $2 Ke6 62.
Ra3 Rc2 63. fxe5 fxe5 64. Ra6 (64. Rc3 Rxc3+ 65. Nxc3 Kd6 66. b4 Ke6 67. Kd3
Kf5 68. Ke3 Kg4 69. Kf2 e4 70. Nd1 Kf5 71. Ke3 Ke5 72. Nc3 g6 (72... g5 $2 73.
hxg5 hxg5 74. g4 $11) 73. g4 g5 74. h5 Bd7 $19) 64... Kd6 65. b4 (65. Ra7 Rxb2
66. Rxg7 b4 $19) 65... Rc4 66. Ra7 Bd7 67. Ra6+ Ke7 68. Rg6 Kf7 69. Rd6 Bg4 70.
Rd5 Rc2 (70... Rc2 71. Ng1 Rg2 $19) 0-1

[Event "Tilburg "]
[Site "?"]
[Date "1991.??.??"]
[Round "?"]
[White "Anand, V."]
[Black "Kaszparov, G."]
[Result "1-0"]
[WhiteElo "2650"]
[BlackElo "2770"]
[PlyCount "57"]
[EventDate "1991.??.??"]

1. e4 c5 2. Nf3 d6 3. d4 cxd4 4. Nxd4 Nf6 5. Nc3 a6 6. f4 e6 7. Bd3 Nbd7 8. O-O
Qb6 9. Be3 Qxb2 10. Ndb5 $1 axb5 11. Nxb5 Ra5 $146 (11... Qb4 12. Nc7+ Kd8 (
12... Ke7 13. Nxa8 Qa5 $13) 13. Nxa8 Qa5 14. Nb6 Nxb6 15. Qe1 $1 Qa7 16. a4 Ng4
17. a5 $18) (11... Kd8 $2 12. a3 $1 Ra4 (12... d5 13. Rb1 Qa2 14. Rb3 $1) 13.
c4 $1) (11... Rb8 $2 12. Rb1 Qxa2 13. Ra1 Qb2 14. Bd4 Qb4 15. c3 $18) 12. Rb1
$1 (12. a4 d5 (12... Rxb5 13. axb5 Qc3 $13) 13. Rb1 Qa2 14. Ra1 $11) 12... Rxb5
$8 (12... Qxa2 13. Nc3 Qa3 14. Rb3 $18) 13. Rxb2 Rxb2 14. Qa1 {Kaszparov
nagyon gyorsan játszott, így Anand biztos lehetett abban, hogy orosz ellenfele
"házielemzést" vetett be.} Rb6 $8 (14... Rb4 $2 15. Qc3 $18) 15. Bxb6 Nxb6 16.
Qc3 $1 Be7 (16... Kd8 17. Qa5 Nfd7 18. Rb1 Kc7 (18... d5 19. exd5 exd5 20. Bf5
Bc5+ 21. Kf1 Ke7 22. Bxd7 Nxd7 23. Qc7 f6 24. Rd1 d4 25. c3 $16) 19. Bb5 Kb8 (
19... Nc5 $2 20. Be8 $18) 20. Bxd7 Nxd7 21. Qd8 g6 (21... d5 22. Kf1 dxe4 23.
Rb3 Nc5 24. Rc3 $18) 22. Kh1 $1 Bg7 23. Qe7 Kc7 24. Rd1 $16) (16... Nfd7 17.
Rb1 d5 $2 18. Rxb6 Bc5+ (18... Nxb6 19. Qc7 $18) 19. Kf1 d4 20. Qc4) 17. Rb1
Nfd7 $1 (17... Bd8 18. Qd4 Nfd7 19. Qxd6 Be7 20. Qc7 O-O 21. Kf1 $16) 18. Qxg7
(18. Qc7 O-O $1 19. Rxb6 $2 Bd8 20. Qxc8 Bxb6+) 18... Bf6 19. Qh6 Ke7 (19...
Rg8 20. e5 dxe5 21. Rxb6 $1 e4 22. Rb4 exd3 23. Qxh7 $16) 20. Bb5 $2 {Kimaradt
a nagyon erõs} (20. g4 $3 Rg8 (20... Bd4+ $2 21. Kf1 Nc5 22. Rb4 $18) (20...
Nc5 $2 21. e5 dxe5 22. g5 $18) 21. g5 Bg7 22. Qh4 (22. Qxh7 $4 Bd4+ {és
elfogják a vezért.}) 22... e5 23. Kh1 exf4 24. e5 $1 dxe5 (24... Bxe5 25. g6+
Ke8 26. gxh7 Rh8 27. Rb5 $3 Na4 28. Rxe5+ dxe5 29. Qg5 $18) 25. g6+ Bf6 26.
gxh7 Rh8 (26... Rf8 27. Qh6 Nd5 28. Rg1 Bh8 29. Rg8 N5f6 30. Rxf8 Nxf8 31. Qg5
Ng6 32. Bxg6 fxg6 33. Qxe5+ $18) 27. Qh5 Na4 (27... Nd5 28. Bc4 Ne3 29. Qxf7+
Kd6 30. Rb6+ $18) 28. Rg1 Nac5 29. Bc4 Ne6 30. Bxe6 $1 Kxe6 31. Rg8 $18) 20...
Rg8 $6 (20... e5 $1 21. Rf1 Rg8 22. fxe5 Bxe5 23. Qxh7 Rg7 24. Qh4+ Nf6 $17 {
Sötét harmonizálta tisztjeit.}) (20... Nc5 $2 21. e5 dxe5 22. fxe5 Bxe5 23.
Qg5+ Kd6 24. Rd1+ Nd5 25. c4 $18) 21. Rd1 $1 e5 $6 (21... Nc5 $6 22. e5 $1 dxe5
23. fxe5 Bxe5 24. Qe3 Nbd7 (24... Bd6 $2 25. Qd4 $1 Nd5 26. c4 $18) 25. Bxd7
Nxd7 26. Rxd7+ Bxd7 27. Qxe5 Bc6 28. g3 $16) (21... Rg4 $1 22. e5 $5 (22. g3 $2
e5 $1 23. a4 exf4 24. a5 fxg3 25. axb6 gxh2+ 26. Kh1 Be5 $17) (22. Be2 $5)
22... dxe5 23. Qh3 Rxf4 24. Qa3+ Ke8 (24... Kd8 $2 25. Qf8+ Kc7 26. Qd6+ $18)
25. Qc5 Bd8 26. a4 e4 (26... Rf5 $2 27. Rf1 Rg5 28. h4 $16) 27. Rf1 $1 Rg4 $1
28. h4 $1 (28. a5 Rg5 29. Qf2 f6 $15 30. c4 $140 Na8) 28... e3 $1 29. a5 e2 30.
Re1 Bf6 31. c3 Kd8 $1) 22. f5 Nc5 $2 (22... Rd8 $1 23. g4 Nc5 (23... Rg8 24. h3
$18) 24. g5 Nxe4 (24... Bh8 $2 25. f6+) 25. gxf6+ Nxf6 26. Qe3 $1 Nbd5 (26...
Nbd7 27. Qa7 $1 Nc5 28. Rxd6 $1 Rg8+ 29. Kf1 Kxd6 30. Qb6+ $18) 27. Qb3 Nc7 $1
(27... Nf4 28. Qc4 $18) 28. Qc4 (28. Bc4 Rg8+ 29. Kf1 Rg4) 28... Nxb5 29. Qxb5
Rg8+ $16) (22... Rg4 $2 23. Qd2 d5 24. Bxd7 Nxd7 25. Qxd5 $18) (22... Na8 23.
Bxd7 Bxd7 24. Rxd6 Bg5 (24... Kxd6 25. Qxf6+ Kc7 26. Qxf7) 25. Qxh7 $18) 23.
Rxd6 $1 $18 Bg5 (23... Kxd6 24. Qxf6+ Kc7 25. Qxe5+ $18) 24. Qxh7 Nxe4 (24...
Kxd6 25. Qxg8 Be3+ 26. Kf1 Nxe4 (26... Ke7 27. f6+ Kxf6 28. Qd8+) (26... Bd7
27. Bxd7 Nbxd7 28. Qxf7 $18) 27. Qxf7) 25. Rxb6 Rd8 (25... Be3+ 26. Kf1 Rg4 27.
f6+ Kf8 (27... Kd8 28. Qxf7) 28. Ke2) 26. Bd3 Be3+ 27. Kf1 Bxb6 (27... Nd2+ 28.
Ke2 Bxb6 29. Qh4+ Ke8 30. Bb5+ Bd7 31. Qh8+ Ke7 32. Qxe5+ Kf8 33. Qd6+ $18) 28.
Bxe4 Rd4 29. c3 1-0

[Event "Reggio Emilia "]
[Site "?"]
[Date "1991.??.??"]
[Round "?"]
[White "Kaszparov, G."]
[Black "Anand, V."]
[Result "0-1"]
[WhiteElo "2770"]
[BlackElo "2650"]
[PlyCount "98"]
[EventDate "1991.??.??"]

1. e4 e6 2. d4 d5 3. Nd2 c5 4. exd5 Qxd5 5. dxc5 Bxc5 6. Ngf3 Nf6 7. Bd3 O-O 8.
Qe2 Nbd7 (8... Nc6 9. Ne4 Be7 10. O-O $14) 9. Ne4 b6 $1 10. Nxc5 Qxc5 (10...
Nxc5 11. Bc4 Qf5 12. Be3 Bb7) 11. Be3 (11. O-O) 11... Qc7 12. Bd4 Bb7 13. O-O-O
(13. O-O Nc5 14. Bxf6 gxf6 {és a g nyílt vonal sötétnek ad ellenjátékot.})
13... Nc5 $1 14. Be5 (14. Bxf6 Nxd3+ (14... Qf4+ 15. Kb1 gxf6) 15. Rxd3 Qf4+
16. Kb1 Qxf6) 14... Nxd3+ 15. Rxd3 $6 (15. Qxd3 Qc6 16. Bxf6 gxf6 17. Nd4)
15... Qc4 16. Nd4 (16. Bxf6 Qf4+) (16. Nd2 Qg4 $1 17. f3 Qg6 {és 18...Ba6 és
18...Rac8 is fenyeget.}) (16. Kb1 $6 Be4 17. Re3 Qxe2 18. Rxe2 Bxf3 19. gxf3
Nd5 $17) 16... Be4 $1 (16... Qxa2 $5 17. Bxf6 gxf6 $1 (17... Qa1+ 18. Kd2 Qa5+
19. b4 Qxb4+ 20. c3 $1 (20. Kc1 gxf6 21. Qg4+ Kh8 22. Qh4 (22. Rh3 Rg8 23.
Rxh7+ Kxh7 24. Qh4+ Kg6 $1 $11) 22... Rg8 23. Qxf6+ Rg7 24. Rg3 $11) 20... Qb2+
21. Nc2 gxf6 22. Qg4+ Kh8 23. Qh4 Rg8 24. Qxf6+ Rg7 25. Re1 $1 $40) 18. Nb3 Qa4
19. Rd4 Qc6 20. Rhd1 {és világosnak kompenzációja van a gyalogért.}) 17. Re3
Qxa2 $1 18. Bxf6 {Sötét könnyedén kivédi világos támadási kísérletét} (18. Rxe4
$2 Qa1+ 19. Kd2 Nxe4+ $19 20. Qxe4 Qxh1 21. Qg4 f6 22. Nxe6 Rf7 23. Bxf6 Qxh2
24. Bxg7 Rxf2+ 25. Kc3 Qxg2 {változat során.}) 18... Bg6 $1 {Anand a helyzet
magaslatán, királyának biztonsága fontosabb, mint a fölösleges kalandok.} (
18... Qa1+ $6 19. Kd2 Qxh1 20. Rxe4 gxf6 21. Qg4+ Kh8 22. Qh4 Qxg2 23. Rg4) 19.
Ra3 Qd5 20. h4 $6 (20. Be5 f6 $1 21. Bd6 $6 (21. Bg3 Qxd4 22. Qxe6+ $11) 21...
Rfc8 $1 22. Qxe6+ Qxe6 23. Nxe6 Rxc2+ 24. Kd1 Rc6 $17) (20. Qe5 Qxg2 $1 $17 (
20... gxf6 21. Qxd5 $44)) 20... gxf6 21. h5 Qxd4 22. hxg6 hxg6 23. Rah3 f5 $1
24. Rh4 f4 $1 25. Qf3 $2 {Kaszparov elmulasztotta a jó esélyeket nyújtó} (25.
g3 $1 {lépést, amely remihez vezetett volna.} Rac8 (25... e5 26. Rh8+ Kg7 27.
R8h7+ Kf6 28. Rd1 Qb4 29. Qg4 $11) 26. gxf4 Rc5 (26... Qf6 27. Qe5 (27. Qe3 Rc5
28. Qh3 Qxh4 $1 29. Qxh4 Rh5 $11) 27... Qxe5 28. fxe5 g5 $8 29. Rh5 Rfd8 $11)
27. f5 Qf6 28. fxg6 fxg6 29. Rh8+ Qxh8 30. Qxe6+ Kg7 31. Qe7+ (31. Qd7+ Kg8)
31... Rf7 $11) 25... Rac8 26. Rxf4 (26. Qh3 Qxf2 $1 27. Rh8+ Kg7 28. Qh6+ Kf6
$19) 26... Qc5 27. c3 Kg7 $15 28. Rhh4 (28. Rfh4 $1 Qg5+ 29. Kc2 Qf5+ 30. Qxf5
gxf5 31. Ra4 Rc7 32. Rha1 a5 33. b4 Rfc8 34. R1a3 Rh8 35. bxa5 bxa5 36. Rxa5
Rh2 $15) 28... Qe5 29. g3 Qe1+ 30. Kc2 Rcd8 31. Rd4 Qe5 32. Rhf4 Qc7 33. Qe3 e5
34. Rxd8 Rxd8 35. Re4 Rd5 36. g4 $6 (36. f4 $1 $15) 36... b5 37. g5 Qd6 38. f3
a5 39. Qe2 Qe6 40. Qh2 Qf5 41. Qg3 (41. Qh6+ Kg8 42. Kb3 Rd4 $19 (42... Rd2 $19
)) 41... Qd7 42. Qe1 b4 $1 43. cxb4 (43. Rxe5 Qa4+ 44. Kc1 bxc3 $19) (43. b3
$17) 43... Qa4+ $19 44. b3 (44. Kc1 axb4 45. Rxe5 Rd8 $19) (44. Kc3 Qc6+ 45.
Rc4 axb4+ $19) 44... Qa2+ 45. Kc3 (45. Kc1 axb4 46. Qxb4 Qa1+ 47. Kc2 Qd1+ $19)
45... a4 46. bxa4 Qa3+ 47. Kc2 Qxa4+ 48. Kc3 Qa3+ 49. Kc2 Rd3 0-1

[Event "Dortmund "]
[Site "?"]
[Date "1992.??.??"]
[Round "?"]
[White "Anand, V."]
[Black "Hübner, R."]
[Result "1-0"]
[WhiteElo "2670"]
[BlackElo "2615"]
[PlyCount "61"]
[EventDate "1992.??.??"]

1. e4 e5 2. Nf3 Nf6 3. d4 Nxe4 4. Bd3 d5 5. Nxe5 Nd7 6. Nxd7 Bxd7 7. O-O Qh4 8.
c4 O-O-O 9. c5 g6 10. Nc3 Bg7 11. g3 Qf6 12. Be3 Bf5 $2 {Fonalasan vesztõ
lépés!} (12... Ng5 $5 13. f4 (13. Nxd5 $2 Nh3+ 14. Kg2 Bc6 15. Kxh3 Bxd5 $17) (
13. Be2 Bh3 14. Re1 h5) 13... Nh3+ (13... Ne6 $2 14. Nxd5 $18) (13... Qe6 $1
14. Re1 Ne4 $13 15. Nxe4 dxe4 16. d5 $13) 14. Kg2 Rhe8 (14... h5 $2 15. f5 $1)
15. Qd2 $13) 13. Nb5 $1 {Sötét nagy hibájának gyors kihasználása.} Bh3 (13...
a6 14. Nxc7 $1 Kxc7 (14... Qc6 15. Na8 $16) 15. Bf4+ Kc8 16. Be5 Qe6 17. Bxg7
Rhg8 18. Be5 f6 19. Bf4 g5 20. Bd6 $5 (20. Be3 $16)) 14. Nxa7+ $1 Kb8 15. Nb5
Bxf1 16. Bxf1 $16 {Anand nem sokat gondolkodott a minõségáldozaton, hiszen a
támadás a világos a gyalog segítségével nagy erõvel bonatkozik ki.} Rhe8 17.
Qa4 Qa6 18. Qb4 Qa8 {Nem éppen dicsõséges pozíció a vezér számára.} (18... Qc6
19. Qa5 $40 f5 20. Bf4 Re7 21. Nxc7 Rxc7 22. Bb5 $18) 19. a4 $1 g5 20. a5 c6
21. Nc3 Nxc3 22. bxc3 $1 h6 23. a6 $18 f5 24. Bh3 Rf8 25. a7+ Kc8 26. Qb1 g4
27. Bf1 Kd7 28. Bf4 Ke6 29. Bd3 Rf7 30. Qc2 Bf8 31. Qe2+ (31. Qe2+ Kf6 32. Qe5+
Kg6 33. Qe6+ Rf6 (33... Kg7 34. Be5+ Kg8 35. Bxf5 Re8 36. Bh7+ $1) 34. Bxf5+
Kg7 35. Be5) 1-0

[Event "Linares (m/1) "]
[Site "?"]
[Date "1992.??.??"]
[Round "?"]
[White "Ivancsuk, V."]
[Black "Anand, V."]
[Result "0-1"]
[WhiteElo "2720"]
[BlackElo "2690"]
[PlyCount "90"]
[EventDate "1992.??.??"]

1. e4 c5 2. Nf3 d6 3. d4 cxd4 4. Nxd4 Nf6 5. Nc3 Nc6 6. Bg5 e6 7. Qd2 a6 8.
O-O-O h6 9. Be3 Nxd4 10. Bxd4 b5 11. f3 Qa5 12. a3 e5 13. Be3 Be6 14. Kb1 Be7
15. g4 $6 (15. h4 $142 Rb8 16. Nd5 Qxd2 17. Nxf6+ gxf6 18. Rxd2 f5 $13) 15...
Rb8 (15... b4 $5 16. Na2 (16. Nd5 Bxd5 17. exd5 Rb8) (16. axb4 Qxb4 17. Nd5
Nxd5 18. exd5 Qxd2 19. Rxd2 Bd7) 16... d5 17. axb4 Qc7 $44) 16. Nd5 Qxd2 17.
Nxf6+ $2 {Logikus, de rossz folytatása a 15.g4?!-gyel kezdett tervnek.} (17.
Rxd2 Nxd5 18. exd5 Bd7 {és f5-tel sötét átveheti a kezdeményezést.}) 17... gxf6
$1 {Ezt nem kalkulálta Ivancsuk.} (17... Bxf6 18. Rxd2 Ke7 19. h4 $14) 18. Rxd2
h5 $1 19. Rg1 (19. Be2 hxg4 20. fxg4 Rh3 $17) 19... hxg4 20. fxg4 Bc4 $3 $17 (
20... Kd7 $2 21. h3 $13) 21. b3 (21. Bxc4 bxc4 22. Rd5 Rb5 $17) 21... Bxf1 22.
Rxf1 Rh3 {Az állást korántsem a klasszikus elvek szerint kell értékelni. A
sötét gyalogszerkezet nem gyenge, hanem d5-tel szabadgyalogot képezhet. A c2
és h2 világos gyalog támadható, a h3-ra behatolt sötét básyta megkeseríti
világos életét. Kevésbé hatásos} (22... Kd7 23. g5 $1 Ke6 24. gxf6 Bxf6 25.
Rxd6+ $1 Kxd6 26. Rxf6+ Ke7 27. Bg5 {és h4-gyel világos elegendõ kompenzációt
kapna a minõségért.}) 23. Re2 {Jobb lett volna} (23. Bg1 {de sötét a
kezdeményezést magához ragadta volna} Kd7 24. Rd3 Rh4 $1 25. h3 (25. Rg3 Rg8
26. h3 Rgh8 27. Rff3 f5 $1 28. Rxf5 (28. exf5 e4 29. Re3 (29. Rc3 $2 Bf6) 29...
d5 $17) 28... Rxh3 29. Rxh3 Rxh3 30. Bf2 (30. Rxf7 $2 Rh1 31. Rf1 Bg5 32. Re1
Bd2 $19) 30... Ke6 $17) 25... Rbh8 26. Rff3 f5 $1 27. Rxf5 Rxh3 $17) 23... Kd7
24. g5 Ke6 25. gxf6 Bxf6 26. Bd2 Be7 $1 27. Be1 f6 28. Bg3 d5 29. exd5+ Kxd5 {
Az elképzelés tökéletes megvalósítása, sötét összekötött szabadgyalogokat
hozott létre.} 30. Rf5 Kc6 (30... Ke6 31. Bxe5 Re8 32. Rxf6+) (30... Rb7 31.
Bxe5 Ke6 (31... fxe5 32. Rfxe5+ Kd6 33. Re6+ Kd5 34. Rxe7) 32. Bxf6+ Kxf5 33.
Bxe7 $11) 31. Ref2 $2 (31. Rf3 $1 {megnehezíthette volna sötét életét.} Rh7 32.
Rc3+ Kb7) 31... Rh6 32. Kb2 Kd7 33. Re2 Bd6 34. Rf3 Rc8 $1 35. Be1 Ke6 36. Rd3
Rh7 37. Rg3 Bc5 38. Ka2 Rd7 39. Rc3 Rcc7 (39... Rd1 $2 40. Bf2 Bxf2 41. Rxc8
Bd4 42. c3 $16) 40. h4 Rd1 41. Bf2 Bd6 42. Rg3 e4 $1 $19 43. Rxe4+ (43. Rg1
Rxg1 44. Bxg1 f5) 43... Be5 44. Rxe5+ (44. c3 Rd2+ 45. Kb1 Rxf2) 44... fxe5 45.
Kb2 Rd2 0-1

[Event "Linares "]
[Site "?"]
[Date "1993.??.??"]
[Round "?"]
[White "Anand, V."]
[Black "Ivancsuk, V."]
[Result "1-0"]
[WhiteElo "2710"]
[BlackElo "2710"]
[PlyCount "55"]
[EventDate "1993.??.??"]

1. e4 e5 2. Nf3 Nf6 3. d4 Nxe4 4. Bd3 d5 5. Nxe5 Nd7 6. Nxd7 Bxd7 7. O-O Qh4 8.
c4 O-O-O 9. c5 g5 10. Nc3 Bg7 11. g3 Qh3 12. Nxe4 dxe4 13. Bxe4 Bb5 14. Bg2 $1
(14. Bxg5 Rxd4 15. Bg2 Qf5 16. Qb3 c6 17. Be3 Bxf1 18. Rxf1 Rhd8 $1 19. Qa3 Rd1
20. Qxa7 Rxf1+ 21. Bxf1 Rd1 22. Qa8+ Kc7 23. Bd2 Qxc5 24. Ba5+ b6 25. Qa7+ Kd6
26. Bxb6 Qb5 27. Qc7+ Ke6 28. Qc8+ Ke7 $11) 14... Qf5 15. Be3 $1 Bxf1 16. Bxf1
$1 $44 Rhe8 (16... Bxd4 17. Bxd4 Qe4 18. Bxh8 Rxd1 19. Rxd1) (16... Qd7 17. Qb3
Rhe8 18. Rd1) (16... Rxd4 17. Bxd4 Rd8 18. Qh5 Rxd4 19. Bh3 $18) (16... c6 17.
Qa4 h5 18. Qxa7 Rxd4 19. Re1 Rhd8 20. Bxd4 $18) 17. Qa4 Kb8 (17... Rxe3 18.
fxe3 Qe4 (18... Qf3 19. Re1) 19. Qb3 $1 Re8 (19... Rxd4 20. Bg2 $16) 20. Re1
Bxd4 21. Bg2 Bxe3+ 22. Kh1 $18) 18. Rd1 c6 (18... Rxe3 $6 19. fxe3 Qf3 20. Rd3
$16) 19. Rd3 (19. Bg2 Re7 $1 20. d5 cxd5 21. c6 d4 $13) 19... Qe4 20. Ra3 a6
21. Bd3 (21. Bxa6 Rxd4 $1 22. Bxd4 Bxd4 23. Bf1 Bxc5 $132) 21... Qg4 $2 {
Ivancsuk nem találta meg az egyetlen menekülési tervet, amelyet Anandék sem
fedeztek fel az elemzés közben.} (21... Qd5 $1 22. Bxa6 (22. Rb3 $6 Bxd4 23.
Bxd4 (23. Rxb7+ $2 Kxb7 24. Qxa6+ Kb8 25. Qb6+ Kc8 26. Qa7 Rd7 27. Qa8+ Kc7 28.
Qxe8 Bxe3 $19) (23. Bxa6 Re7 $1 24. Rd3 Re4 25. Rb3 Rd7) 23... Re1+ (23... Qxd4
24. Rxb7+ Kxb7 25. Qxa6+ Kb8 26. Qb6+ Ka8 27. Qxc6+ Kb8 $11) 24. Bf1 Qxd4 25.
Rxb7+ (25. Qxc6 $2 Rxf1+ 26. Kxf1 Qd1+ 27. Kg2 Qxb3) 25... Kxb7 26. Qxa6+ Kc7 (
26... Kb8 27. Qb6+) 27. Qa5+ Kb8 28. Qxe1 Qxc5 $15) (22. Bc4 Qe4 $1 $11) 22...
Bxd4 23. Bxb7 (23. Bc4 Qxc5 $17) 23... Bxc5 $3 24. Bxc6 (24. Rb3 $2 Qd1+ 25.
Kg2 Rxe3 $1 26. Qa8+ (26. fxe3 $4 Rd2+ 27. Kh3 Qh5+) 26... Kc7 27. Qa5+ Kd7 28.
fxe3 Qe2+ 29. Kh3 Qf1+ 30. Kg4 f5+ $19) (24. Qa8+ Kc7 25. Qa5+ Kxb7 26. Bxc5
Qd1+ 27. Kg2 Qd5+ 28. Rf3 (28. Kg1 $11) 28... Ra8 29. Qb4+ Kc8 $17) 24... Qd1+
25. Kg2 Qxa4 26. Rxa4 Rxe3 27. fxe3 Rd2+ 28. Kh3 Rxb2 $11) 22. Rb3 $1 Bxd4 $2 {
Azonnal veszít, de már nem volt mentség.} (22... Re7 23. Rb4 $16) (22... Rd7
23. Bxa6 (23. Qxc6 Qd1+ 24. Kg2 Qxb3 25. Qxd7) (23. Rb4 $2 Rxe3 24. fxe3 Qf3
$19) 23... Bxd4 24. Qxc6 $1) 23. Rxb7+ $3 Kxb7 24. Qxa6+ Kb8 25. Qb6+ Ka8 26.
Qxc6+ Kb8 27. Qb6+ Ka8 28. Bb5 $1 {Anand és Gurevics még 1991-ben elemezték a
változatot, és a befejezõ állás akkor a sakktáblájukon volt!} (28. Bb5 Rc8 29.
Bc6+ Rxc6 30. Qxc6+ Ka7 31. Qxe8 Qd1+ 32. Kg2 Bxe3 33. Qxe3 $18) 1-0